000 02266nam0a2200361 4500
001 RU\NLR\BIBL_A\022522919
005 20260420043210.0
010 _a978-5-00062-639-9
_9100
021 _aRU
_bКН-П-25-010899
_9КН-П-25-1108
035 _a(NLR Aleph) 022522919
090 _a13671672
_c13671672
100 _a20250415d2024 k y0rusy50 ca
101 0 _arus
102 _aRU
105 _aa z 000zy
181 0 _ai3
_baxxe
182 0 _an
200 1 _aСостояние, проблемы и развитие технологии водного теплоносителя на АЭС
_eмонография
_fА.Б. Ларин, Б.М. Ларин, В.Ф. Тяпков, Е.Б. Юрчевский
_gпод общей редакцией профессора Б.М. Ларина
_gМинистерство образования и науки Российской Федерации, Федеральное государственное бюджетное образовательное учреждение высшего образования "Ивановский государственный энергетический университет имени В.И. Ленина"
203 _aТекст
_bвизуальный
_cнепосредственный
210 _aИваново
_cИвановский государственный энергетический университет имени В. И. Ленина
_d2024
215 _a371 с.
_cил.
_d21
320 _aБиблиогр.: с. 352-366
606 1 _aАтомные электростанции
_xВодно-химические процессы
_92555383
_3RU\NLR\AUTH\661511904
606 1 _aАтомные электростанции
_xВодный режим
_xХимический контроль
_92555408
_3RU\NLR\AUTH\661511919
686 1 _aЗ470.4
701 1 _aЛарин
_bА. Б.
_gАндрей Борисович
701 1 _aЛарин
_bБ. М.
_gБорис Михайлович
701 1 _aТяпков
_bВ. Ф.
_gВладимир Федорович
701 1 _aЮрчевский
_bЕ. Б.
_gЕвгений Борисович
942 _cBOOK
980 _aNB